LEADER 02009nam 2200481 450 001 996464510403316 005 20220819132950.0 010 $a3-030-90238-2 035 $a(MiAaPQ)EBC6810867 035 $a(Au-PeEL)EBL6810867 035 $a(CKB)19919634900041 035 $a(OCoLC)1286428625 035 $a(PPN)258838523 035 $a(EXLCZ)9919919634900041 100 $a20220819d2021 uy 0 101 0 $aeng 135 $aurcnu|||||||| 181 $ctxt$2rdacontent 182 $cc$2rdamedia 183 $acr$2rdacarrier 200 00$aHCI international 2021 - late breaking papers $edesign and user experience : 23rd HCI International Conference, HCII 2021, virtual event, July 24-29, 2021 : proceedings /$feditors, Constantine Stephanidis [and nine others] 210 1$aCham, Switzerland :$cSpringer,$d[2021] 210 4$dİ2021 215 $a1 online resource (620 pages) 225 1 $aLecture notes in computer science. LNCS sublibrary. SL 3, Information systems and application, incl. Internet/Web, and HCI ;$vVolume 13094 311 08$aPrint version: Stephanidis, Constantine HCI International 2021 - Late Breaking Papers: Design and User Experience Cham : Springer International Publishing AG,c2021 9783030902377 320 $aIncludes bibliographical references and index. 410 0$aLNCS sublibrary.$nSL 3,$pInformation systems and applications, incl. Internet/Web, and HCI ;$vVolume 13094. 606 $aHuman-computer interaction$vCongresses 606 $aHuman-computer interaction 606 $aMultimodal user interfaces (Computer systems) 615 0$aHuman-computer interaction 615 0$aHuman-computer interaction. 615 0$aMultimodal user interfaces (Computer systems) 676 $a004.019 702 $aStephanidis$b Constantine 801 0$bMiAaPQ 801 1$bMiAaPQ 801 2$bMiAaPQ 906 $aBOOK 912 $a996464510403316 996 $aHCI International 2021 -- Late breaking papers$92905047 997 $aUNISA